Ονομάστε μια Πρωτεύουσα για Κάθε Μήκος Ονόματος - Statistics

General Stats
  • This quiz has been taken 8 times
  • The average score is 8 of 11
Answer Stats
Γράμματα Απάντηση #
Πρωτευουσών
% Correct
4 Ανόι, Απία, Κίτο, Λίμα, Λομέ, Μαλέ, Όσλο... 10
100%
5 Αβάνα, Αθήνα, Άκκρα, Αμμάν, Βέρνη... 23
100%
6 Άγκυρα, Αλγέρι, Ασμάρα, Αστάνα... 25
100%
8 Αμπούτζα, Βαρσοβία, Βατικανό... 36
100%
9 Ασουνσιόν, Βελιγράδι, Βρυξέλλες... 15
100%
7 Βαγδάτη, Βαντούζ, Βηρυτός, Γερεβάν... 32
83%
11 Βουκουρέστι, Ισλαμαμπάντ... 10
83%
10 Άμστερνταμ, Βουδαπέστη... 9
67%
12 Ανταναναρίβο, Ουέλλινγκτον... 4
17%
13 Γιαμουσσούκρο, Μπλουμφοντέιν... 3
17%
14 Ουαγκαντούγκου 1
17%
No matching quizzes found
Score Distribution
Percent of People with Each Score
Percentile by Number Answered
Your Score History
You have not taken this quiz